Little Known Facts About Nintendo - Statistics

General Stats
  • This quiz has been taken 53 times
  • The average score is 8 of 10
Answer Stats
Question Answer % Correct
What Nintendo game was one of the first games to have a jumping character? Donkey Kong
100%
Nintendo's third home console is: N64
100%
What was the name of the gun that you used to play games like Duck Hunt? Zapper
100%
Nintendo considered making a phone True
86%
What two items in Super Mario Bros. had the exact same sprite? Clouds and Bushes
71%
What Nintendo Console was invented by a Janitor? Gameboy
71%
Where is Nintendo's Main Headquarters? Kyoto
71%
When was Nintendo founded? 1889
57%
What is Nintendo's most famous line? "Now You're Playing With Power!"
57%
What is the most rare Pokemon card ever? Pikachu Illustrator
43%
No matching quizzes found
Score Distribution
Percent of People with Each Score
Percentile by Number Answered
Your Score History
You have not taken this quiz